Fabulous creatures : (Record no. 355329)
[ view plain ]
| 000 -LEADER | |
|---|---|
| fixed length control field | 00469nam a2200193Ia 4500 |
| 008 - FIXED-LENGTH DATA ELEMENTS--GENERAL INFORMATION | |
| fixed length control field | 180207s9999 xx 000 0 und d |
| 020 ## - INTERNATIONAL STANDARD BOOK NUMBER | |
| International Standard Book Number | 9780007186396 |
| 050 ## - LIBRARY OF CONGRESS CALL NUMBER | |
| Item number | A549 2005 |
| 100 ## - MAIN ENTRY--PERSONAL NAME | |
| Personal name | Anderson, Scoular |
| 245 ## - TITLE STATEMENT | |
| Title | Fabulous creatures : |
| 245 ## - TITLE STATEMENT | |
| Remainder of title | are they real? / |
| 245 ## - TITLE STATEMENT | |
| Statement of responsibility, etc | Scoular Anderson. |
| 260 ## - PUBLICATION, DISTRIBUTION, ETC. (IMPRINT) | |
| Place of publication, distribution, etc | London : |
| 260 ## - PUBLICATION, DISTRIBUTION, ETC. (IMPRINT) | |
| Name of publisher, distributor, etc | Collins Big Cat, |
| 260 ## - PUBLICATION, DISTRIBUTION, ETC. (IMPRINT) | |
| Date of publication, distribution, etc | 2005 |
| 300 ## - PHYSICAL DESCRIPTION | |
| Extent | 31 pages : |
| 300 ## - PHYSICAL DESCRIPTION | |
| Other physical details | color illustration ; |
| 300 ## - PHYSICAL DESCRIPTION | |
| Dimensions | 21cm. |
| Withdrawn status | Lost status | Damaged status | Home library | Current library | Date acquired | Total Checkouts | Full call number | Barcode | Date last seen | Price effective from | Koha item type |
|---|---|---|---|---|---|---|---|---|---|---|---|
| Stonyhurst Southville International School (Malarayat) | Stonyhurst Southville International School (Malarayat) | 02/07/2018 | ER A549 2005 | SSISM4874 | 02/07/2018 | 02/07/2018 | Books |